[Event "Piloo Mody Open"]
[Site "Lucknow IND"]
[Date "2004.10.09"]
[Round "9"]
[White "Visweswaran,K"]
[Black "Rohit,G"]
[Result "1/2-1/2"]
[WhiteElo "2299"]
[BlackElo "2292"]

1.e4 c5 2.Nf3 d6 3.d4 cxd4 4.Nxd4 Nf6 5.Nc3 a6 6.Be3 e5 7.Nb3 Be7 8.f3 Be6
9.Qd2 O-O 10.O-O-O Qc7 11.g4 Nbd7 12.g5 Nh5 13.Kb1 Rfb8 14.Nd5 Bxd5 15.exd5 Nf8
16.Bh3 a5 17.Bg4 Nf4 18.Bxf4 exf4 19.h4 a4 20.Nd4 a3 21.b3 Ng6 22.c4 Qb6
23.Nb5 Re8 24.Bd7 Red8 25.Bf5 Ne5 26.Qxf4 g6 27.Bc2 Bf8 28.Qd4 Qa5 29.f4 Nd7
30.Qd2 Qb6 31.h5 Bg7 32.hxg6 hxg6 33.Rh3 Ra5 34.Rdh1 Rxb5 35.cxb5 Re8 36.f5 gxf5
37.Bxf5 Nf8 38.Bh7+ Nxh7 39.Rxh7 Qxb5 40.Qc2 Qb4 41.Rxg7+ Kxg7 42.Qh7+ Kf8
43.Qh8+ Ke7 44.Qf6+ Kd7 45.Qxf7+ Re7 46.Qf5+ Kc7 47.Rc1+ Kb6 48.Qf2+ Ka6
49.Qf1+ Ka7 50.Qc4 Qd2 51.Qa4+ Kb8 52.Qxa3 Qxd5 53.Qb2 Qf5+ 54.Ka1 Qxg5 55.Qh8+ Ka7
56.Qd4+  1/2-1/2

[Event "FSGM October"]
[Site "Budapest HUN"]
[Date "2004.10.10"]
[Round "9"]
[White "Nyysti,S"]
[Black "Szeberenyi,A"]
[Result "1/2-1/2"]
[WhiteElo "2358"]
[BlackElo "2422"]

1.e4 c5 2.Nf3 d6 3.d4 cxd4 4.Nxd4 Nf6 5.Nc3 a6 6.Be3 e5 7.Nb3 Be6 8.f3 Nbd7
9.Qd2 b5 10.O-O-O Rc8 11.Kb1 Nb6 12.Qf2 Nfd7 13.Nd5 Bxd5 14.exd5 Be7 15.f4 Nc4
16.Bxc4 bxc4 17.Nc1 O-O  1/2-1/2

[Event "XI Bela Papp Mem"]
[Site "Torokbalint HUN"]
[Date "2004.10.16"]
[Round "1"]
[White "Schneider,Dm"]
[Black "Papp,Ga"]
[Result "1/2-1/2"]
[WhiteElo "2453"]
[BlackElo "2467"]

1.e4 c5 2.Nf3 d6 3.d4 cxd4 4.Nxd4 Nf6 5.Nc3 a6 6.Be3 e5 7.Nb3 Be6 8.f3 h5
9.Qd2 Nbd7 10.Nd5 Bxd5 11.exd5 Qc7 12.Na5 g6 13.c4 b6 14.Nc6 Nb8 15.Nxb8 Rxb8
16.Be2 Bg7 17.O-O O-O 18.Rac1 a5 19.b3 Nd7 20.a3 Nc5 21.Bd1 e4 22.b4 axb4
23.axb4 Nd3 24.Rc2 Ne5 25.c5 bxc5 26.bxc5 exf3 27.cxd6 Qd7 28.Bxf3 Rfc8 29.Rfc1 Rxc2
30.Qxc2 Qxd6 31.Qc7 Bf8 32.Qxd6 Bxd6 33.Be2 Kf8  1/2-1/2

[Event "XI Bela Papp Mem"]
[Site "Torokbalint HUN"]
[Date "2004.10.18"]
[Round "3"]
[White "Papp,Ga"]
[Black "Szeberenyi,A"]
[Result "1-0"]
[WhiteElo "2467"]
[BlackElo "2366"]

1.e4 c5 2.Nf3 d6 3.d4 cxd4 4.Nxd4 Nf6 5.Nc3 a6 6.Be3 e5 7.Nb3 Be6 8.f3 Nbd7
9.Qd2 b5 10.O-O-O Rc8 11.Kb1 Nb6 12.Qf2 Nfd7 13.Nd5 Bxd5 14.exd5 Be7 15.g4 Bg5
16.f4 Bxf4 17.Bxf4 exf4 18.Qxf4 Ne5 19.Bg2 O-O 20.Nd4 Re8 21.Rhf1 Qc7 22.Be4 Ng6
23.Qf3 Qe7 24.Bf5 Rc5 25.Nc6 Qe2 26.Qg3 Re4 27.Bxe4 Qxe4 28.Qf2 f6 29.Rfe1 Qxg4
30.Re8+ Nf8 31.Rg1 Rxd5 32.Ne7+  1-0

[Event "XI Bela Papp Mem"]
[Site "Torokbalint HUN"]
[Date "2004.10.19"]
[Round "4"]
[White "Fogarasi,T"]
[Black "Papp,Ga"]
[Result "1/2-1/2"]
[WhiteElo "2425"]
[BlackElo "2467"]

1.e4 c5 2.Nf3 d6 3.d4 cxd4 4.Nxd4 Nf6 5.Nc3 a6 6.Be3 e5 7.Nf3 Be7 8.Bc4 O-O
9.O-O Be6 10.Qe2 b5 11.Bb3 h6 12.Rfd1 Nc6 13.Nd5 Bxd5 14.Bxd5 Qc7 15.c3 Rab8
16.a4 Na5 17.axb5 axb5 18.h3 Rfc8 19.Ne1 Qd8 20.Nc2 Nc4 21.Nb4 Nxd5 22.Rxd5 Bg5
23.Bxg5 Qxg5 24.Rad1 Rc5 25.R5d3 Rbc8 26.Nd5 Rb8 27.Nb4 Rbc8 28.Nd5 Rb8 29.Nb4  1/2-1/2

[Event "4th Rohde Open"]
[Site "Sautron FRA"]
[Date "2004.10.25"]
[Round "3"]
[White "Colovic,A"]
[Black "Sulypa,A"]
[Result "1/2-1/2"]
[WhiteElo "2408"]
[BlackElo "2484"]

1.e4 c5 2.Nf3 d6 3.d4 cxd4 4.Nxd4 Nf6 5.Nc3 a6 6.Be3 e6 7.f3 Nc6 8.Qd2 Be7
9.g4 O-O 10.O-O-O Nxd4 11.Bxd4 b5 12.g5 Nd7 13.h4 Rb8 14.Kb1 b4 15.Na4 Qc7
16.b3 Ne5 17.Qf2 f5 18.gxf6 Bxf6 19.Be2 Bb7  1/2-1/2

[Event "36th Olympiad"]
[Site "Calvia ESP"]
[Date "2004.10.29"]
[Round "14"]
[White "Mastrovasilis,D"]
[Black "Ibrahimov,R"]
[Result "1-0"]
[WhiteElo "2574"]
[BlackElo "2505"]

1.e4 c5 2.Nf3 d6 3.d4 Nf6 4.Nc3 cxd4 5.Nxd4 a6 6.Be3 e6 7.f3 b5 8.Qd2 Nbd7
9.g4 Nb6 10.Qf2 Nfd7 11.O-O-O Bb7 12.Bd3 Rc8 13.Nce2 Qc7 14.Kb1 d5 15.e5 Nc4
16.f4 Nxe3 17.Qxe3 Be7 18.h4 Nc5 19.g5 g6 20.h5 Kd7 21.Rh3 b4 22.Rdh1 Rhg8
23.hxg6 hxg6 24.Rh7 Rcf8 25.R1h6 Nxd3 26.cxd3 Qd8 27.Nb3 Qc7 28.Rh1 Rc8 29.Rxf7 Ke8
30.Rhh7 Qc2+ 31.Ka1 Rc7 32.Qc1 Qxc1+ 33.Nbxc1 Bc8 34.Nb3 Rd7 35.Kb1 Bf8 36.Rxd7 Bxd7
37.Ned4 Be7 38.Kc2 Rf8 39.Ne2 Rf7 40.Rh6 Rg7 41.Rh8+ Kf7 42.Ra8 Rh7 43.Ra7 Rh2
44.Nd4 Bc5 45.Rxd7+ Ke8 46.Rd6 Bxd6 47.exd6 Kd7 48.Kd2 Rh3 49.Ng1 Rh2+ 50.Nde2 Kxd6
51.Nf3 Rh8 52.Ne5 Rg8 53.Nd4 a5 54.b3 a4 55.bxa4 Ra8 56.Kc2 Rxa4 57.Kb3 Ra3+
58.Kb2  1-0

[Event "8th OIBM"]
[Site "Bad Wiessee GER"]
[Date "2004.11.01"]
[Round "3"]
[White "Kraemer,S"]
[Black "Bromberger,S"]
[Result "0-1"]
[WhiteElo "2240"]
[BlackElo "2440"]

1.e4 c5 2.Nf3 d6 3.d4 Nf6 4.Nc3 cxd4 5.Nxd4 a6 6.Be3 e6 7.f3 b5 8.Qd2 Nbd7
9.g4 Nb6 10.O-O-O Bb7 11.Bd3 Rc8 12.Rhe1 Be7 13.g5 Nfd7 14.f4 Nc5 15.f5 b4
16.Nce2 Nxe4 17.Bxe4 Bxe4 18.Ng3 Nc4 19.Qxb4 Bd5 20.h4 O-O 21.b3 a5 22.Qa4 Nxe3
23.Rxe3 Qb6 24.f6 gxf6 25.Ngf5 Bd8 26.Nh6+ Kh8 27.Rg3 fxg5 28.hxg5 Be7 29.Qa3 e5
30.Qb2 Be4 31.c4 d5 32.Ndf5 Qe6 33.Nxe7 Qxe7 34.Re1 f5 35.gxf6 Qxf6 36.Ng4 Qf4+
37.Rge3 Qxg4 38.Qxe5+ Qg7 39.Qxg7+ Kxg7  0-1

[Event "TCh-SLO"]
[Site "Celje SLO"]
[Date "2004.11.01"]
[Round "4"]
[White "Palac,M"]
[Black "Ruck,R"]
[Result "1/2-1/2"]
[WhiteElo "2543"]
[BlackElo "2562"]

1.e4 c5 2.Nf3 d6 3.d4 cxd4 4.Nxd4 Nf6 5.Nc3 a6 6.Be3 Ng4 7.Bg5 h6 8.Bc1 Nc6
9.Be2 Qb6 10.Bxg4 Qxd4 11.Be3 Qxd1+ 12.Bxd1 Be6 13.Nd5 Rc8 14.Nb6 Rc7 15.f4 g6
16.g4 Bg7 17.c3 Na5 18.f5 Nc4 19.Ba4+ Kf8 20.Nxc4 Rxc4 21.Bc2 gxf5 22.gxf5 Bd7
23.Bd3 Rc8 24.Bf4 Rc5 25.Ke2 Be5 26.Be3 Rc8 27.Raf1 Bc6 28.Bd4 Bxd4 29.cxd4 Rg8
30.Rhg1 Rxg1 31.Rxg1 d5 32.e5 Bb5 33.Bxb5 axb5 34.Kd3 b4 35.Rg2 Ra8 36.b3 Rc8
37.Rc2 Rxc2 38.Kxc2 f6 39.e6 Kg7 40.Kd3 Kh7 41.Kc2 h5 42.h4 Kg7 43.Kb2 Kh7
44.a3 Kg7 45.axb4 b5 46.Ka1  1/2-1/2

[Event "V Open"]
[Site "Sauzal ESP"]
[Date "2004.11.06"]
[Round "4"]
[White "Diaz Leon,R"]
[Black "Moreno Carnero,J"]
[Result "0-1"]
[WhiteElo "2245"]
[BlackElo "2512"]

1.e4 c5 2.Nf3 d6 3.d4 cxd4 4.Nxd4 Nf6 5.Nc3 a6 6.Be3 e6 7.g4 h6 8.Rg1 Nc6
9.h4 h5 10.gxh5 Nxh5 11.Bg5 Nf6 12.Qd2 Bd7 13.O-O-O Be7 14.Be2 Qc7 15.f4 O-O-O
16.Nb3 Kb8 17.Qe3 Bc8 18.e5 dxe5 19.fxe5 Rxd1+ 20.Bxd1 Nd7 21.Bxe7 Nxe7 22.Rxg7 Nf5
23.Qg5 Nxg7 24.Qxg7 Qxe5 25.Qxf7 Rxh4 26.Qe7 Rh1 27.Qb4 Rf1 28.Nd2 Rf4 29.Nc4 Qc5
30.Qxc5 Nxc5 31.Ne5  0-1

[Event "WYg14"]
[Site "Heraklio GRE"]
[Date "2004.11.07"]
[Round "5"]
[White "Skinke,K"]
[Black "Saulyte,G"]
[Result "0-1"]
[WhiteElo "2090"]
[BlackElo "1997"]

1.e4 c5 2.Nf3 d6 3.d4 cxd4 4.Nxd4 Nf6 5.Nc3 a6 6.Be3 e5 7.Nb3 Be6 8.Qd2 b5
9.f3 Nbd7 10.Be2 Be7 11.O-O O-O 12.Rfd1 Qc7 13.Bf1 Rfd8 14.Qf2 Nc5 15.Rd2 Nxb3
16.axb3 Qb7 17.Rad1 b4 18.Nd5 Bxd5 19.exd5 e4 20.Rd4 exf3 21.Qxf3 a5 22.Qg3 Ne8
23.Rg4 Bf6 24.Bc1 Be5 25.Qf3 Nf6 26.Rc4 Rac8 27.Rxc8 Qxc8 28.Bc4 a4 29.Qd3 Ng4
30.Be3 Nxe3 31.Qxe3 Bxb2 32.Bd3 a3 33.Qe4 g6 34.Qxb4 a2  0-1

[Event "EuCh-Internet KO"]
[Site "playchess.com INT"]
[Date "2004.11.07"]
[Round "1.2"]
[White "Azarov,S"]
[Black "Sutovsky,E"]
[Result "1-0"]
[WhiteElo "2556"]
[BlackElo "2697"]

1.e4 c5 2.Nf3 d6 3.d4 cxd4 4.Nxd4 Nf6 5.Nc3 a6 6.Be3 Ng4 7.Bg5 h6 8.Bh4 g5
9.Bg3 Bg7 10.Bc4 Nc6 11.Nxc6 bxc6 12.h4 Qb6 13.Bb3 gxh4 14.Rxh4 h5 15.Qe2 Bf6
16.Rh1 h4 17.Bf4 Bd4 18.Rf1 h3 19.gxh3 Rxh3 20.O-O-O Bxf2 21.Kb1 Rb8 22.Na4 Qa7
23.Qc4 Be6 24.Qxc6+ Bd7 25.Qd5 Be6 26.Qg5 Ne3 27.Bxe3 Bxe3 28.Qg7 Bh6 29.Qh7 Bf4
30.Qg8+ Kd7 31.Bxe6+ fxe6 32.Qg4 Ra3 33.Qxf4 Qc7 34.e5 d5 35.Qd4 Rb5 36.b3 a5
37.Rf7 Rb4 38.Qc5 Rbxa4 39.Rxe7+  1-0

[Event "V Open"]
[Site "Sauzal ESP"]
[Date "2004.11.07"]
[Round "7"]
[White "Perez,Rod"]
[Black "Kalod,R"]
[Result "1/2-1/2"]
[WhiteElo "2422"]
[BlackElo "2492"]

1.e4 c5 2.Nf3 d6 3.d4 cxd4 4.Nxd4 Nf6 5.Nc3 a6 6.Be3 e6 7.f3 Nc6 8.Qd2 Be7
9.O-O-O O-O 10.g4 Nxd4 11.Bxd4 b5 12.g5 Nd7 13.h4 Qc7 14.Kb1 b4 15.Na4 Rb8
16.b3 Nc5 17.Nxc5 dxc5 18.Bb2 Rd8 19.Qe1 Bd7 20.Bc4 Bb5 21.Qe2 Rxd1+ 22.Rxd1 Rd8
23.Rxd8+  1/2-1/2

[Event "Open"]
[Site "Calcutta IND"]
[Date "2004.11.09"]
[Round "2"]
[White "Bakre,T"]
[Black "Dao Thien Hai"]
[Result "0-1"]
[WhiteElo "2491"]
[BlackElo "2601"]

1.e4 c5 2.Nf3 d6 3.d4 cxd4 4.Nxd4 Nf6 5.Nc3 a6 6.Be3 e5 7.Nf3 Qc7 8.a4 h6
9.a5 Be6 10.Nd5 Bxd5 11.exd5 Nbd7 12.c4 Be7 13.Be2 O-O 14.O-O Nh7 15.b4 f5
16.Bc1 Ng5 17.Ba3 Nxf3+ 18.Bxf3 Kh8 19.Rc1 e4 20.Be2 f4 21.Bg4 f3 22.g3 Ne5
23.Be6 Nd3 24.Rc3 Bf6 25.Rxd3 exd3 26.Qxd3 Be5 27.Re1 b6 28.axb6 Qxb6 29.c5 Qb5
30.Qe3 a5 31.cxd6 axb4 32.Bxb4 Qxb4 33.Qxe5 Ra2 34.Bh3 Qc5 35.Rf1 Re2 36.Qh5 Qxd6
37.Bg4 Qe5  0-1

[Event "WYb14"]
[Site "Heraklio GRE"]
[Date "2004.11.10"]
[Round "7"]
[White "Ludwig,D"]
[Black "Andreikin,D"]
[Result "1/2-1/2"]
[WhiteElo "2308"]
[BlackElo "2451"]

1.e4 c5 2.Nf3 d6 3.d4 cxd4 4.Nxd4 Nf6 5.Nc3 a6 6.Be3 e5 7.Nb3 Be6 8.f3 Be7
9.Qd2 Nbd7 10.O-O-O Nb6 11.g4 Nfd7 12.h4 Qc7 13.Qf2 O-O-O 14.g5 Kb8 15.f4 exf4
16.Bxf4 Ne5 17.Nd4 Rhe8 18.Bh3 Bxh3 19.Rxh3 g6 20.Nb3 Bf8 21.h5 Bg7 22.hxg6 hxg6
23.Qd4 Rh8  1/2-1/2

[Event "WYb14"]
[Site "Heraklio GRE"]
[Date "2004.11.11"]
[Round "9"]
[White "Ludwig,D"]
[Black "Bindrich,F"]
[Result "1-0"]
[WhiteElo "2308"]
[BlackElo "2351"]

1.e4 c5 2.Nf3 d6 3.d4 Nf6 4.Nc3 cxd4 5.Nxd4 a6 6.Be3 e5 7.Nb3 Be6 8.f3 Be7
9.Qd2 O-O 10.O-O-O Nbd7 11.g4 b5 12.g5 Nh5 13.Rg1 Nb6 14.Qf2 Rb8 15.h4 Qc7
16.Kb1 Nc4 17.Bxc4 bxc4 18.Nc1 f5 19.gxf6 Bxf6 20.Qd2 Be7 21.Bg5 Nf6 22.N1e2 Kh8
23.Ka1 Qb7 24.b3 Rfd8 25.Qe3 Rbc8 26.f4 exf4 27.Nxf4 Bf7 28.Ncd5 Nxd5 29.exd5 Re8
30.Qd4 Bf8 31.h5 Re5 32.h6 Rce8 33.Qxc4 Qb6 34.Bh4 a5 35.Qc3 Qb4 36.Qg3 g6
37.Bf6+ Kg8 38.Nd3 Qb6 39.Nxe5 dxe5 40.Bxe5 Bxh6 41.Bb2 Re3 42.Qh4 Bf8 43.d6  1-0

[Event "WYb14"]
[Site "Heraklio GRE"]
[Date "2004.11.11"]
[Round "9"]
[White "Spoelman,W"]
[Black "Kalantari,B"]
[Result "0-1"]
[WhiteElo "2357"]
[BlackElo "2163"]

1.e4 c5 2.Nf3 d6 3.d4 cxd4 4.Nxd4 Nf6 5.Nc3 a6 6.Be3 e6 7.g4 b5 8.g5 Nfd7
9.Bg2 Bb7 10.a3 Nb6 11.Qe2 N8d7 12.O-O Be7 13.Rad1 Rc8 14.Qh5 O-O 15.Bc1 Rc5
16.f4 g6 17.Qh3 Qa8 18.Rde1 Re8 19.b4 Rc4 20.Nxe6 fxe6 21.Qxe6+ Kh8 22.Qf7 Rxc3
23.Bb2 Na4 24.Rf3 Nxb2 25.Rxc3 Bxe4 26.Rh3 Nf8 27.Rh6 Bc6 28.Bh3 Qa7+ 29.Kf1 Qd4
30.Be6 Qg7 31.f5 Bxg5  0-1

[Event "WYb12"]
[Site "Heraklio GRE"]
[Date "2004.11.11"]
[Round "9"]
[White "Thaler,Mi"]
[Black "Sjugirov,S"]
[Result "0-1"]
[WhiteElo "2093"]
[BlackElo "2279"]

1.e4 c5 2.Nf3 d6 3.d4 cxd4 4.Nxd4 Nf6 5.Nc3 a6 6.Be3 e5 7.Nb3 Be6 8.f3 Be7
9.Qd2 O-O 10.O-O-O Qc7 11.g4 Rc8 12.Kb1 d5 13.Nxd5 Nxd5 14.exd5 Bxd5 15.Bg2 a5
16.Qf2 Be6 17.Bb6 Qc4 18.Bf1 Qc6 19.Bd3 a4 20.Na5 Qe8 21.Qe2 Nc6 22.Qe4 g6
23.Nxc6 bxc6 24.Qxe5 c5 25.Bc7 Bf8 26.Be4 Bg7 27.Qxc5 Rab8 28.c3 Rb5 29.Qd6 Bxc3
30.b3 axb3 31.a3 Bxg4 32.Qd8 Rxd8 33.Rxd8 Qxd8 34.Bxd8 Bf5 35.Rc1 Bxe4+ 36.fxe4 Be5
37.h3 b2 38.Rc8 Kg7 39.Bc7 Bxc7 40.Rxc7 Rb3 41.e5 Rxa3 42.e6 Rf3 43.Kxb2 Rf6
44.exf7 Rxf7 45.Rc3 Kh6 46.Kc2 Rd7 47.Re3 Kh5 48.Re4 g5 49.Ra4 h6 50.Rb4 Rf7
51.h4 g4 52.Rb6 g3 53.Rb1 Kxh4 54.Rh1+ Kg5 55.Rg1 Kg4 56.Kd2 h5 57.Ke2 h4
58.Ra1 g2 59.Rg1 Kg3  0-1

[Event "WYg12"]
[Site "Heraklio GRE"]
[Date "2004.11.11"]
[Round "9"]
[White "Repina,V"]
[Black "Paikidze,N"]
[Result "1/2-1/2"]
[WhiteElo "2064"]
[BlackElo "2028"]

1.e4 c5 2.Nf3 d6 3.d4 cxd4 4.Nxd4 Nf6 5.Nc3 a6 6.Be3 e5 7.Nb3 Be6 8.Qd2 Nbd7
9.O-O-O b5 10.f4 Be7 11.Kb1 Rb8 12.Bd3 Ng4 13.f5 Bc4 14.h3 Nxe3 15.Qxe3 a5
16.a4 Bxd3 17.Qxd3 bxa4 18.Nxa4 Rb4 19.Nc3 Qb8 20.Nd5 Rb5 21.Nc7+ Qxc7 22.Qxb5 O-O
23.Qxa5 Nb6 24.Rd3 Ra8 25.Qb5 Qa7 26.Kc1 Bg5+ 27.Kd1 Na4 28.Ke2 Qc7 29.c4 Nxb2
30.Rc3 Na4 31.Rc2 Qa7 32.c5 dxc5 33.Nxc5 Rc8 34.Rb1 h5 35.Qxa4 Qxa4 36.Nxa4 Rxc2+
37.Kf3 Ra2 38.Nb6 Ra3+ 39.Kf2 Re3 40.Rb4 Rd3 41.Nd5 Bh4+ 42.Ke2 Rg3 43.Kf1 Rd3
44.Ke2 Rg3 45.Kf1 Ra3 46.Ke2 Ra2+ 47.Kf1 Ra1+ 48.Ke2 Re1+ 49.Kd3 Rd1+ 50.Ke2 Re1+
51.Kd3 Rd1+ 52.Ke2 Rg1 53.Ne3 Bg5 54.Rb2 Rc1 55.Rb4 Rc3 56.Nd5 Rg3 57.Kf2 Bh4
58.Kf1 Kh7 59.Rb7 Kg8 60.Rb8+  1/2-1/2

[Event "Open"]
[Site "Calcutta IND"]
[Date "2004.11.13"]
[Round "7"]
[White "Bakre,T"]
[Black "Prasad,D"]
[Result "1/2-1/2"]
[WhiteElo "2491"]
[BlackElo "2375"]

1.e4 c5 2.Nf3 d6 3.d4 cxd4 4.Nxd4 Nf6 5.Nc3 a6 6.Be3 e6 7.f4 b5 8.Qf3 Bb7
9.Bd3 Nbd7 10.g4 h6 11.Nce2 e5 12.Nb3 exf4 13.Bxf4 Ne5 14.Bxe5 dxe5 15.Ng3 Bc8
16.O-O-O Qb6 17.Nf5 a5 18.Kb1 a4 19.Nc1 a3 20.b3 g6 21.Bxb5+ Qxb5 22.Nd6+ Bxd6
23.Qxf6 O-O 24.Rxd6 Bb7 25.Re1 Qa5 26.Nd3 Rad8 27.Rxd8 Rxd8 28.Rf1 Qc7 29.Qxe5 Qxe5
30.Nxe5 Rd2 31.Nxf7 Bxe4 32.Nxh6+ Kg7 33.g5 Rxc2 34.Rf7+  1/2-1/2

[Event "WYb14"]
[Site "Heraklio GRE"]
[Date "2004.11.13"]
[Round "11"]
[White "Ludwig,D"]
[Black "Kalantari,B"]
[Result "1-0"]
[WhiteElo "2308"]
[BlackElo "2163"]

1.e4 c5 2.Nf3 d6 3.d4 cxd4 4.Nxd4 Nf6 5.Nc3 a6 6.Be3 e6 7.f3 b5 8.g4 Bb7
9.Qd2 Nfd7 10.O-O-O Nb6 11.Qf2 N8d7 12.Bd3 Rc8 13.Nce2 Na4 14.Kb1 Qc7 15.h4 Ndc5
16.g5 e5 17.Nxb5 axb5 18.Bxb5+ Bc6 19.Bc4 Rb8 20.Bb3 Qa5 21.h5 Bd7 22.g6 Be6
23.f4 Nxb3 24.cxb3 Qb4 25.Ng3 exf4 26.Bxf4 Nc5 27.gxf7+ Bxf7 28.Rhe1 Be6
29.Bxd6 Bxd6 30.Rxd6 Ke7 31.Rd4 Qb6 32.Nf5+ Bxf5 33.exf5+ Kf7 34.b4 Na4 35.Rd7+ Kf8
36.Qg3 Rg8 37.h6 gxh6 38.Qe5 Rg1 39.Qe7+  1-0

[Event "TCh-ISL 2004-5"]
[Site "Reykjavik ISL"]
[Date "2004.11.20"]
[Round "3"]
[White "Sigurdsson,P"]
[Black "Steindorsson,S"]
[Result "0-1"]
[WhiteElo "1952"]
[BlackElo "2227"]

1.e4 c5 2.Nf3 d6 3.d4 cxd4 4.Nxd4 Nf6 5.Nc3 a6 6.Be3 e5 7.Nb3 Be6 8.f3 Nbd7
9.Qd2 b5 10.g4 Nb6 11.h4 Nc4 12.Bxc4 bxc4 13.Nc1 Rb8 14.b3 Qa5 15.O-O Qc7
16.N1e2 Be7 17.Ng3 O-O 18.g5 Nd7 19.Nd5 Bxd5 20.Qxd5 g6 21.Rae1 Rb5 22.Qd2 Rc8
23.Nh1 d5 24.exd5 cxb3 25.cxb3 Bb4 26.Qd3 Bxe1 27.Rxe1 Qc2 28.Qe4 Qxa2 29.Nf2 Qxb3
30.d6 f5 31.gxf6 Nxf6 32.Qd3 Qxd3 33.Nxd3 Rd5 34.Bg5 Nd7 35.Nf2 Rxd6 36.Ng4 Rc2
37.Nh6+ Kg7 38.f4 e4 39.f5 Rd3 40.fxg6 Kxg6 41.Kf1 Ne5 42.Rxe4 Rd1+ 43.Re1 Rxe1+
44.Kxe1 Nf3+ 45.Kd1 Nxg5 46.Kxc2 Kxh6  0-1

[Event "Acropolis WGM Open"]
[Site "Athens GRE"]
[Date "2004.11.21"]
[Round "6"]
[White "Mietzner,T"]
[Black "Grapsa,G"]
[Result "1-0"]
[WhiteElo "2235"]
[BlackElo "2065"]

1.e4 c5 2.Nf3 d6 3.d4 cxd4 4.Nxd4 Nf6 5.Nc3 a6 6.Be3 e5 7.Nb3 Be6 8.f3 Nbd7
9.g4 b5 10.g5 b4 11.Nd5 Nxd5 12.exd5 Bf5 13.Bd3 Bxd3 14.Qxd3 Be7 15.h4 O-O
16.O-O-O f5 17.gxf6 Bxf6 18.Rdg1 Kh8 19.Rg4 a5 20.Nd2 e4 21.Rxe4 Ne5 22.Qe2 Rc8
23.f4 Qc7 24.Nb3 Nc4 25.Bd4 a4 26.Bxf6 gxf6 27.Re7 axb3 28.Rxc7 bxa2 29.Rxh7+  1-0

[Event "XXI WJun Women"]
[Site "Kochin IND"]
[Date "2004.11.21"]
[Round "4"]
[White "Kavitha,J"]
[Black "Karavade,E"]
[Result "1/2-1/2"]
[WhiteElo "2088"]
[BlackElo "2307"]

1.e4 c5 2.Nf3 d6 3.d4 cxd4 4.Nxd4 Nf6 5.Nc3 a6 6.Be3 e5 7.Nb3 Be6 8.f3 Nbd7
9.Qd2 Be7 10.O-O-O b5 11.g4 h6 12.Qf2 Rc8 13.Nd5 Bxd5 14.exd5 Qc7 15.Kb1 Rb8
16.h4 a5 17.Bg2 a4 18.Nc1 Nb6 19.Bxb6 Qxb6 20.Qd2 O-O 21.g5 Nh5 22.Nd3 Qd4
23.Qe1 b4 24.gxh6 g6 25.Nf2 Qf4 26.Ne4 Rfc8 27.Bh3 f5 28.Ng5 b3 29.cxb3 axb3
30.a3 Rc2 31.Rg1 Qh2 32.Bg2 Nf4 33.Qa5 Rxg2 34.Rxg2 Qxg2 35.Qc7 Qc2+ 36.Qxc2 bxc2+
37.Kxc2 Bxg5 38.hxg5 Kh7 39.Rh1 Rb5 40.b4 Rxd5 41.Kb3 Ne6 42.a4 Rd3+ 43.Kb2 Nxg5
44.a5 Ne6 45.a6 Nc7 46.a7 Na8 47.Rc1 Rd2+ 48.Kb3 Nb6 49.Rc6 Rd3+ 50.Ka2 Rd2+
51.Kb3 Rd3+ 52.Ka2 Rd2+  1/2-1/2

[Event "XXI WJun Women"]
[Site "Kochin IND"]
[Date "2004.11.22"]
[Round "6"]
[White "Zhang Jilin"]
[Black "Majdan,J"]
[Result "1/2-1/2"]
[WhiteElo "2287"]
[BlackElo "2219"]

1.e4 c5 2.Nf3 d6 3.d4 cxd4 4.Nxd4 Nf6 5.Nc3 a6 6.Be3 e5 7.Nb3 Be6 8.f3 Be7
9.Qd2 O-O 10.O-O-O a5 11.Kb1 a4 12.Nc1 a3 13.b3 Ra5 14.g4 d5 15.g5 Nxe4 16.Nxe4 dxe4
17.Qxd8 Rxd8 18.Rxd8+ Bxd8 19.fxe4 Nd7 20.Be2 Be7 21.Rd1 Ra8 22.Bc4 Nc5 23.Bxc5 Bxc5
24.Bxe6 fxe6 25.Nd3 Bd4 26.c4 Rf8 27.b4 Rf3 28.c5 Re3 29.b5 Rxe4 30.Rc1 Re3
31.c6 bxc6 32.bxc6 Bb6 33.Nc5 Kf7 34.Na6 Re2 35.c7 Rb2+ 36.Ka1 Bd4 37.Rd1 Rc2+
38.Kb1 Rc6 39.Rc1 Bc3 40.Rc2 Ke7 41.Kc1 Bb2+ 42.Kd2 Rxc2+ 43.Kxc2 Kd7 44.Nc5+ Kxc7
45.Nxe6+ Kd6 46.Nxg7 e4 47.Nf5+ Ke5 48.Ne7 Ke6 49.Nc6 Kf5 50.Kd2 Kxg5 51.Ke3 Kf5
52.Ne7+ Ke6 53.Nc6 Kd6 54.Nb4 Ke5 55.Nc6+ Kf5 56.Ne7+ Kg4 57.Kxe4 Kh3 58.Kf5 Kxh2
59.Kg5 Bg7 60.Nf5 Bf8 61.Nd4  1/2-1/2

[Event "XXI WJun Women"]
[Site "Kochin IND"]
[Date "2004.11.22"]
[Round "6"]
[White "Mijovic,A"]
[Black "Iswarya,S"]
[Result "1-0"]
[WhiteElo "2152"]
[BlackElo "2082"]

1.e4 c5 2.Nf3 d6 3.d4 cxd4 4.Nxd4 Nf6 5.Nc3 a6 6.Be3 e5 7.Nb3 Be6 8.f3 Nbd7
9.g4 b5 10.g5 Nh5 11.Qd2 Nb6 12.Nd5 Bxd5 13.exd5 Nf4 14.Bxf4 exf4 15.h4 f6
16.O-O-O fxg5 17.Re1+ Kd7 18.Nd4 Kc8 19.Ne6 Qe7 20.Qc3+ Kb8 21.Nd4 Qc7 22.Nc6+ Kb7
23.Na5+ Kb8 24.Re8+ Nc8 25.Nc6+ Kb7 26.Bh3 Na7 27.Na5+ Qxa5 28.Qxa5 Rxe8
29.Bd7 Rb8 30.Re1 gxh4 31.Qc3 h5 32.a4 Rh7 33.axb5 axb5 34.Bc6+ Kb6 35.Qd4+ Ka6
36.Kd2  1-0

[Event "XXI WJun Women"]
[Site "Kochin IND"]
[Date "2004.11.23"]
[Round "7"]
[White "Kavitha,J"]
[Black "Koneru,C"]
[Result "1-0"]
[WhiteElo "2088"]
[BlackElo "2107"]

1.e4 c5 2.Nf3 d6 3.d4 cxd4 4.Nxd4 Nf6 5.Nc3 a6 6.Be3 e5 7.Nb3 Be6 8.f3 h5
9.Qd2 Nbd7 10.O-O-O b5 11.h3 h4 12.Bd3 Qc7 13.Rhe1 Nb6 14.Bxb6 Qxb6 15.Kb1 Be7
16.Nd5 Bxd5 17.exd5 O-O 18.f4 Nd7 19.Bf5 Rad8 20.Na5 Nb8 21.fxe5 dxe5 22.Rxe5 Qf6
23.Re3 Qg5 24.Re2 Qxd2 25.Rexd2 g6 26.Bg4 f5 27.Bf3 Bb4 28.Nb7 Bxd2 29.Nxd8 Rxd8
30.Rxd2 Rd6 31.b3 Nd7 32.c4 bxc4 33.bxc4 Kf7 34.Kc2 Rb6 35.Re2 Nc5 36.Kc3 Rd6
37.Kd4  1-0

[Event "Petrosian Mem Open"]
[Site "Yerevan ARM"]
[Date "2004.11.24"]
[Round "6"]
[White "Andriasian,Z"]
[Black "Kalashian,D"]
[Result "0-1"]
[WhiteElo "2366"]
[BlackElo "2196"]

1.e4 c5 2.Nf3 d6 3.d4 cxd4 4.Nxd4 Nf6 5.Nc3 a6 6.Be3 e5 7.Nb3 Be6 8.f3 h5
9.Qd2 Nbd7 10.a4 Rc8 11.a5 Be7 12.Be2 Qc7 13.O-O h4 14.Nd5 Nxd5 15.exd5 Bf5
16.c4 O-O 17.Nc1 Bf6 18.Ra3 e4 19.fxe4 Bxe4 20.Bg5 Qc5+ 21.Kh1 Qd4 22.Qxd4 Bxd4
23.Rh3 Bxb2 24.Nb3 Rce8 25.Bd1 Ne5 26.c5 dxc5 27.d6 Bd3 28.Re1 f6 29.Bxh4 c4
30.Nc5 Bc3 31.d7 Rd8 32.Nxd3 Nxd3 33.Rf1 Rxd7 34.Bh5 g5 35.Bg3 Be5 36.Bg4 Re7
37.Be1 Nxe1 38.Rxe1 Rd8 39.Rhe3 Kf8 40.Rh3 Kg7 41.Rhe3 Rd3 42.Re4 c3 43.Bf5 Rd5
44.h4 Rxa5 45.hxg5 fxg5 46.g3 Rc5 47.R4e2 b5 48.Kg2 b4 49.Bc2 Rd5 50.Kf3 Rd2
51.Rxd2 cxd2 52.Re2 Rf7+ 53.Kg4 Bc3 54.Rh2 Rf1 55.Rh7+ Kf6 56.Rd7 Rc1 57.Bb3 Rb1
58.Bc2 Rg1 59.Kf3 a5 60.Rd5 Ke6 61.Rd8 Ra1 62.Ke2 a4 63.g4 Re1+ 64.Kf2 Ke7
65.Rd3 b3  0-1

[Event "XXI WJun Women"]
[Site "Kochin IND"]
[Date "2004.11.25"]
[Round "9"]
[White "Kavitha,J"]
[Black "Korbut,E"]
[Result "0-1"]
[WhiteElo "2088"]
[BlackElo "2400"]

1.e4 c5 2.Nf3 d6 3.d4 cxd4 4.Nxd4 Nf6 5.Nc3 a6 6.Be3 e6 7.f3 b5 8.Qd2 Nbd7
9.g4 Nb6 10.O-O-O Bb7 11.Qf2 Nfd7 12.Nb3 Rc8 13.Na5 Ba8 14.Kb1 Rxc3 15.bxc3 Na4
16.Bd2 Qxa5 17.Qe3 Be7 18.g5 O-O 19.h4 Rc8 20.Rh2 Rxc3 21.Bxc3 Nxc3+ 22.Kc1 Nxd1
23.Kxd1 d5 24.Qa7 Bc6 25.exd5 Bc5 26.dxc6 Bxa7 27.cxd7 Be3 28.Re2 Bf4 29.c3 Qc7
30.Re4 Qxd7+ 31.Rd4 Qc7 32.c4 g6 33.Kc2 e5 34.Re4 Qd7 35.Bd3 b4 36.c5 Qa4+  0-1

[Event "XXI WJun Women"]
[Site "Kochin IND"]
[Date "2004.11.26"]
[Round "10"]
[White "Korbut,E"]
[Black "Karavade,E"]
[Result "1-0"]
[WhiteElo "2400"]
[BlackElo "2307"]

1.e4 c5 2.Nf3 d6 3.d4 cxd4 4.Nxd4 Nf6 5.Nc3 a6 6.Be3 e5 7.Nb3 Be6 8.f4 exf4
9.Bxf4 Nc6 10.Qd2 Be7 11.O-O-O Ne5 12.Nd4 Qc7 13.Nf5 Bxf5 14.exf5 O-O 15.h3 b5
16.g4 b4 17.Nd5 Nxd5 18.Qxd5 Rfc8 19.Rh2 a5 20.g5 b3 21.Qxb3 a4 22.Qg3 Rab8
23.f6 Bf8 24.c3 Nc4 25.Qd3 Qa5 26.Qd5 Rc5 27.Bxc4 Rxd5 28.Rxd5 Qc7 29.Rd4 Re8
30.Rhd2 Qc6 31.Kc2 gxf6 32.gxf6 d5 33.Rg2+ Kh8 34.Bd3 Qxf6 35.Rxa4 Bg7 36.Be3 Qf3
37.Rag4 Bf6 38.R2g3 Qh1 39.Bh6 Qh2+ 40.Rg2 Qxh3 41.Bg7+ Bxg7 42.Rxg7 f5 43.a4 Qh6
44.Rf7 Qf4 45.b3 Rg8 46.Re2 Rc8 47.Bxf5 Qf3 48.Rxh7+ Kg8 49.Bd3 Rb8 50.Rhh2 Rb7
51.Rhg2+ Rg7 52.Rgf2 Qh5 53.Rf5 Rg5 54.Rxg5+ Qxg5 55.a5 Qg1 56.a6 Qa1 57.Re8+ Kf7
58.Rb8 Qa2+ 59.Kc1 Qa1+ 60.Kd2 d4 61.Bc4+ Kf6 62.Rf8+ Ke5 63.Re8+ Kf4 64.cxd4 Qxd4+
65.Kc2 Qa1 66.Re6 Qa2+ 67.Kc3 Qa5+ 68.Kd4 Qd8+ 69.Kc5 Qa5+ 70.Kc6 Qd8 71.Kb5 Qc7
72.Rc6 Qb8+ 73.Rb6 Qe5+ 74.Kc6 Qf6+ 75.Kb7 Qe7+ 76.Ka8 Qc7 77.Rf6+ Ke5 78.Rf7 Qc8+
79.Ka7 Kd4 80.Kb6 Qb8+ 81.Kc6 Qc8+ 82.Rc7 Qe8+ 83.Rd7+ Kc3 84.a7 Kb4 85.Bd5 Ka5
86.Kc7 Qe5+ 87.Kb7  1-0

[Event "National Chess Congress"]
[Site "Philadephia USA"]
[Date "2004.11.26"]
[Round "2"]
[White "Samuelson,A"]
[Black "Adu,O"]
[Result "1-0"]
[WhiteElo "2101"]
[BlackElo "2300"]

1.e4 c5 2.Nf3 d6 3.d4 cxd4 4.Nxd4 Nf6 5.Nc3 a6 6.Be3 e5 7.Nb3 Be6 8.f3 h5
9.Nd5 Nbd7 10.a4 Rc8 11.Qd2 Bxd5 12.exd5 Nb6 13.Bxb6 Qxb6 14.a5 Qa7 15.c4 g6
16.Bd3 Bh6 17.Qe2 Kf8 18.Ra4 Kg7 19.Rb4 Nd7 20.Kd1 Nc5 21.Qf2 Rhd8 22.Nxc5 Rxc5
23.Ra4 Ra8 24.Ke2 Qb8 25.b4 Rc7 26.Ra2 Qd8 27.Rd1 f5 28.Kf1 Rac8 29.Rc2 Kh7
30.Kg1 Qf6 31.c5 Bf4 32.c6 Qg5 33.Re1 Rf8 34.h4 Qd8 35.g3 Bh6 36.Qb6 Qb8
37.Ree2 Rff7 38.Bxa6 f4 39.cxb7 fxg3 40.Qxd6 Bf8 41.Qb6 Rxb7 42.Bxb7 Rxb7
43.Qe6 Qa7+ 44.Kg2 Bxb4 45.Rc8 Qd4 46.Qxe5 Qxe5 47.Rxe5 Bxa5 48.d6  1-0